00333 2200145 4500245003800000020001800038250001000056100002100066650001900087005001900106260003100125041001400156084000800170336000900178 aRed QueencVictoria AveyardhText a9786023850624 acet 1 aVictoria Aveyard aNovel Fantassi a20240903092350 aJakartabNoura Booksc2016 aIndonesia a823 atext